[Event "Jiraskuv memorial B"]
[Site "Rakovnik"]
[Date "2011.08.09"]
[Round "5"]
[White "Rerabek, Jaroslav"]
[Black "Pokorny, Tomas"]
[Result "1/2-1/2"]
[WhiteElo "1626"]
[BlackElo "1703"]
[PlyCount "47"]
[EventDate "2011.08.??"]
[EventType "swiss"]
[EventRounds "9"]
[EventCountry "CZE"]
[TimeControl "40/7200:20/3600:1800"]

{16MB, Fritz8.ctg, SACHY-67D9C7985} 1. e4 e5 2. Nf3 Nc6 3. Bc4 Be7 4. Nc3 Nf6
5. Nd5 d6 6. Nxe7 Qxe7 7. h3 Nxe4 8. O-O O-O 9. Re1 Bf5 10. d4 Rfe8 11. Bd5
exd4 12. Nxd4 Qd7 13. Bxc6 bxc6 14. Qf3 Bg6 15. Bf4 Rab8 16. b3 c5 17. Ne2 Re7
18. Ng3 Rbe8 19. c4 Ng5 20. Qc3 Ne4 21. Nxe4 Rxe4 22. Rxe4 Rxe4 23. Be3 Qe7 24.
Rd1 1/2-1/2

[Event "Jiraskuv memorial B"]
[Site "Rakovnik"]
[Date "2011.08.09"]
[Round "5"]
[White "Hajsman, Ladislav"]
[Black "Mitosinka, Boris"]
[Result "1/2-1/2"]
[WhiteElo "1831"]
[BlackElo "1518"]
[PlyCount "37"]
[EventDate "2011.08.??"]
[EventType "swiss"]
[EventRounds "9"]
[EventCountry "CZE"]

{C50: Italská hra} 1. d4 d5 2. c4 c6 3. Nf3 Nf6 4. e3 e6 5. Nc3 Nbd7 6. Bd3
dxc4 7. Bxc4 b5 8. Be2 Bb7 9. O-O a6 10. a3 c5 11. dxc5 Bxc5 12. b4 Be7 13. Bb2
O-O 14. Qd4 Nb6 15. Rfd1 Qxd4 16. Rxd4 Rfd8 17. Rad1 Rxd4 18. Rxd4 Rd8 19.
Rxd8+ 1/2-1/2

[Event "Jiraskuv memorial B"]
[Site "Rakovnik"]
[Date "2011.08.09"]
[Round "5"]
[White "Vankova, Veronika"]
[Black "Pucholt, Martin"]
[Result "0-1"]
[WhiteElo "1279"]
[BlackElo "1428"]
[PlyCount "132"]
[EventDate "2011.08.??"]
[EventType "swiss"]
[EventRounds "9"]
[EventCountry "CZE"]

{C50: Italská hra} 1. e4 e5 2. Nc3 Bc5 3. Nf3 Nf6 4. d3 a6 5. Be2 h6 6. O-O d6
7. Nd5 Nc6 8. c3 Nxd5 9. exd5 Ne7 10. d4 exd4 11. Nxd4 O-O 12. c4 Nf5 13. Nxf5
Bxf5 14. Bg4 Qf6 15. Be3 Bxg4 16. Qxg4 Bxe3 17. fxe3 Qxb2 18. Rab1 Qe5 19. Qf3
b6 20. e4 Qd4+ 21. Kh1 Rae8 22. Rfe1 Re7 23. Re2 Qxc4 24. a3 Qd4 25. Rbe1 Qe5
26. Qd3 a5 27. Rf2 Rfe8 28. Qf3 Rf8 29. h3 Ree8 30. Rc2 Re7 31. Rec1 Rc8 32. a4
Kf8 33. Rc4 Kg8 34. Qg4 Rce8 35. Rxc7 Qxe4 36. Qh5 Qxa4 37. Qf5 Qe4 38. Qh5 Qe5
39. Qg4 Qxd5 40. Rxe7 Rxe7 41. Qf4 Qe5 42. Qf3 b5 43. Qd3 b4 44. Rc4 g6 45. Qc2
Kg7 46. Qa2 h5 47. Rc8 Re8 48. Rxe8 Qxe8 49. Qxa5 Qe1+ 50. Kh2 Qe5+ 51. Qxe5+
dxe5 52. g4 b3 53. gxh5 gxh5 54. Kg3 Kg6 55. Kf3 f6 56. Ke2 b2 57. Ke3 b1=Q 58.
Kf3 f5 59. h4 Qb3+ 60. Kg2 f4 61. Kh2 e4 62. Kg2 Qf3+ 63. Kg1 e3 64. Kh2 e2 65.
Kg1 e1=R+ 66. Kh2 Qg3# 0-1

[Event "Jiraskuv memorial B"]
[Site "Rakovnik"]
[Date "2011.08.09"]
[Round "5"]
[White "Jesensky, Jaromir"]
[Black "Folbr, Martin"]
[Result "1/2-1/2"]
[WhiteElo "1553"]
[BlackElo "1353"]
[PlyCount "90"]
[EventDate "2011.08.??"]
[EventType "swiss"]
[EventRounds "9"]
[EventCountry "CZE"]

{C50: Italská hra} 1. e4 c5 2. Nf3 Nc6 3. Bb5 e6 4. O-O Nf6 5. d3 d5 6. Bxc6+
bxc6 7. e5 Nd7 8. c4 g6 9. Nbd2 Bg7 10. Re1 O-O 11. Nf1 Qc7 12. Qe2 Ba6 13. b3
f6 14. Bf4 fxe5 15. Bxe5 Nxe5 16. Nxe5 Rf5 17. Nxg6 Re8 18. Nh4 Re5 19. Qg4 Bc8
20. f4 Rxe1 21. Rxe1 e5 22. f5 Rf8 23. Ng3 Kh8 24. Nh5 Rg8 25. Qg5 e4 26. Nxg7
Rxg7 27. Qf6 Kg8 28. dxe4 Rf7 29. Qg5+ Rg7 30. Qh5 Qe5 31. Nf3 Qf6 32. exd5 Re7
33. Rxe7 Qxe7 34. Qg5+ Qxg5 35. Nxg5 cxd5 36. g4 dxc4 37. bxc4 Ba6 38. Ne6 Bxc4
39. Nxc5 Bxa2 40. Nb7 Bd5 41. Na5 Kf7 42. Kf2 Kf6 43. Kg3 h5 44. h3 hxg4 45.
Kxg4 Be4 1/2-1/2

[Event "Jiraskuv memorial B"]
[Site "Rakovnik"]
[Date "2011.08.09"]
[Round "5"]
[White "Veselsky, Jan"]
[Black "Rerabkova, Eliska"]
[Result "1-0"]
[WhiteElo "1650"]
[BlackElo "1250"]
[PlyCount "73"]
[EventDate "2011.08.??"]
[EventType "swiss"]
[EventRounds "9"]
[EventCountry "CZE"]

{C50: Italská hra} 1. d4 Nf6 2. c4 g6 3. Nc3 Bg7 4. e4 d6 5. Nf3 O-O 6. Be2 e5
7. Be3 Nc6 8. d5 Ne7 9. O-O Bg4 10. Qd2 Bxf3 11. Bxf3 Nh5 12. Bh6 Nf4 13. Bxf4
exf4 14. Qxf4 Be5 15. Qd2 f5 16. exf5 Nxf5 17. Rae1 Qh4 18. g3 Nd4 19. Bg2 Qh3
20. Qd3 Qh5 21. Re4 Nf3+ 22. Bxf3 Rxf3 23. Re3 Raf8 24. Ne4 Rxe3 25. Qxe3 Rf5
26. Qxa7 Qh3 27. Qb8+ Kg7 28. Qxc7+ Kh6 29. Qa5 Rh5 30. Qd2+ Kg7 31. f4 Bd4+
32. Qxd4+ Kh6 33. Qd2 b6 34. f5+ Kg7 35. f6+ Kf8 36. Ng5 Qg4 37. Ne6+ 1-0

[Event "Jiraskuv memorial B"]
[Site "Rakovnik"]
[Date "2011.08.09"]
[Round "5"]
[White "Georgiev, Lukas"]
[Black "Libosvar, Jan"]
[Result "1-0"]
[WhiteElo "1607"]
[BlackElo "1554"]
[PlyCount "89"]
[EventDate "2011.08.??"]
[EventType "swiss"]
[EventRounds "9"]
[EventCountry "CZE"]

{C50: Italská hra} 1. f4 e5 2. e4 exf4 3. Nf3 Nf6 4. e5 Nh5 5. Bc4 d6 6. Qe2 d5
7. Bb3 g6 8. d4 Be6 9. Nc3 c6 10. Bd2 Nd7 11. O-O Be7 12. a3 O-O 13. Nd1 Qe8
14. Nf2 f6 15. Nd3 fxe5 16. Ndxe5 g5 17. Nxc6 Ng7 18. Nxe7+ Qxe7 19. Bb4 Qf6
20. Bxf8 Qxd4+ 21. Qf2 Qxf2+ 22. Rxf2 Rxf8 23. Rd2 d4 24. Bxe6+ Nxe6 25. Re1
Kf7 26. Rde2 Re8 27. Ne5+ Nxe5 28. Rxe5 Kf6 29. Kf2 h5 30. h3 h4 31. a4 Re7 32.
R1e2 b6 33. b4 a6 34. Ke1 b5 35. axb5 axb5 36. Rxb5 Nc7 37. Rb6+ Re6 38. Rbxe6+
Nxe6 39. b5 Kf5 40. b6 Nc5 41. Re7 Kf6 42. Rc7 Na6 43. Rc6+ Kf5 44. b7 Nb8 45.
Rc8 1-0

[Event "Jiraskuv memorial B"]
[Site "Rakovnik"]
[Date "2011.08.09"]
[Round "5"]
[White "Cerny, Michal"]
[Black "Koblic, Miroslav"]
[Result "1-0"]
[WhiteElo "1790"]
[BlackElo "1698"]
[PlyCount "137"]
[EventDate "2011.08.??"]
[EventType "swiss"]
[EventRounds "9"]
[EventCountry "CZE"]

{C50: Italská hra} 1. e4 c6 2. d4 d5 3. Nc3 e6 4. Nf3 Bb4 5. Bd3 Ne7 6. O-O O-O
7. a3 Bxc3 8. bxc3 Nd7 9. Ng5 h6 10. Nh3 c5 11. e5 c4 12. Be2 f5 13. Nf4 Nb6
14. Bh5 g5 15. Ne2 Bd7 16. f4 g4 17. h3 Be8 18. Ng3 Bxh5 19. Nxh5 gxh3 20. Nf6+
Kg7 21. Rf3 hxg2 22. Rg3+ Ng6 23. Qh5 Rxf6 24. exf6+ Qxf6 25. Kxg2 Rh8 26. Bd2
Nc8 27. Kf2 Nd6 28. Ke2 Rg8 29. Rag1 Kh7 30. Rh3 Nf7 31. Kf2 Rg7 32. Rhg3 Nd6
33. R3g2 Ne4+ 34. Ke3 Nxd2 35. Kxd2 b6 36. Ke3 Rg8 37. Rg3 Rg7 38. Qh2 Rg8 39.
Qh5 Rg7 40. R1g2 Rg8 41. Qh2 Ne7 42. Rxg8 Nxg8 43. Qh5 Ne7 44. Qe8 Ng6 45. Qd7+
Qe7 46. Qxe7+ Nxe7 47. Kf3 h5 48. Re2 h4 49. Rxe6 Ng6 50. Rf6 h3 51. Kg3 Kg7
52. Rxf5 Ne7 53. Rg5+ Kf6 54. Kxh3 Nf5 55. Rxf5+ Kxf5 56. Kg3 b5 57. Kf3 a6 58.
Kg3 a5 59. Kf3 a4 60. Kg3 Ke6 61. Kg4 Kf6 62. f5 Kf7 63. Kg5 Kg7 64. f6+ Kf7
65. Kf5 Kf8 66. Ke6 Ke8 67. Kxd5 Kf7 68. Kc6 Kxf6 69. d5 1-0

[Event "Jiraskuv memorial B"]
[Site "Rakovnik"]
[Date "2011.08.10"]
[Round "6"]
[White "Cizkovsky, Ota"]
[Black "Zika, Vaclav"]
[Result "1/2-1/2"]
[WhiteElo "1694"]
[BlackElo "1748"]
[PlyCount "46"]
[EventDate "2011.08.??"]
[EventType "swiss"]
[EventRounds "9"]
[EventCountry "CZE"]

{C50: Italská hra} 1. e4 e6 2. d4 d5 3. exd5 exd5 4. Bd3 Bd6 5. Nf3 Bg4 6. O-O
Ne7 7. c3 c6 8. h3 Bh5 9. Be3 Qc7 10. Nbd2 Nd7 11. b4 Bg6 12. Qc2 O-O 13. Rfe1
Bxd3 14. Qxd3 Ng6 15. a4 a6 16. Nb3 Nf6 17. a5 Rfe8 18. Nc5 Bxc5 19. dxc5 Ne5
20. Nxe5 Rxe5 21. Bd4 Rxe1+ 22. Rxe1 Re8 23. Rxe8+ Nxe8 1/2-1/2

[Event "Jiraskuv memorial B"]
[Site "Rakovnik"]
[Date "2011.08.10"]
[Round "6"]
[White "Zak, Jiri"]
[Black "Masek, Jan"]
[Result "0-1"]
[WhiteElo "1627"]
[BlackElo "1670"]
[PlyCount "42"]
[EventDate "2011.08.??"]
[EventType "swiss"]
[EventRounds "9"]
[EventCountry "CZE"]

{C50: Italská hra} 1. c4 Nf6 2. d4 g6 3. Nc3 d5 4. Nf3 Bg7 5. g3 O-O 6. e3 Nc6
7. a3 a5 8. cxd5 Nxd5 9. Bd2 e5 10. Bg2 Bg4 11. dxe5 Nxe5 12. O-O Nxc3 13. bxc3
Bxf3 14. Bxf3 Qxd2 15. Bxb7 Qxd1 16. Raxd1 Rab8 17. Ba6 Rfd8 18. Rc1 Rd2 19. a4
Rbb2 20. Kg2 Ng4 21. Bc4 Nxe3+ 0-1

[Event "Jiraskuv memorial B"]
[Site "Rakovnik"]
[Date "2011.08.10"]
[Round "6"]
[White "Georgiev, Lukas"]
[Black "Jesensky, Jaromir"]
[Result "1/2-1/2"]
[WhiteElo "1607"]
[BlackElo "1553"]
[PlyCount "26"]
[EventDate "2011.08.??"]
[EventType "swiss"]
[EventRounds "9"]
[EventCountry "CZE"]

{C50: Italská hra} 1. e4 e5 2. f4 d5 3. exd5 exf4 4. d4 Nf6 5. Bxf4 Nxd5 6.
Qe2+ Qe7 7. Qxe7+ Bxe7 8. Bd2 Bf6 9. c3 Bf5 10. Bc4 Bh4+ 11. Kf1 Nb6 12. Na3
Nxc4 13. Nxc4 Bd3+ 1/2-1/2

[Event "Jiraskuv memorial B"]
[Site "Rakovnik"]
[Date "2011.08.10"]
[Round "6"]
[White "Hejda, Vaclav"]
[Black "Cerny, Michal"]
[Result "1/2-1/2"]
[WhiteElo "1825"]
[BlackElo "1790"]
[PlyCount "47"]
[EventDate "2011.08.??"]
[EventType "swiss"]
[EventRounds "9"]
[EventCountry "CZE"]

{C50: Italská hra} 1. e4 c5 2. Nf3 d6 3. d4 cxd4 4. Nxd4 Nf6 5. Nc3 a6 6. Be2
e6 7. O-O Be7 8. a3 O-O 9. Be3 Qc7 10. Bd3 Nbd7 11. Qe2 b6 12. f4 Bb7 13. h3
Nc5 14. Bf2 Rfd8 15. Rac1 Rd7 16. b4 Nxd3 17. cxd3 Qd8 18. Qe3 Rc8 19. Nce2
Rdc7 20. Rxc7 Rxc7 21. Rc1 d5 22. e5 Nd7 23. Rxc7 Qxc7 24. Qc1 1/2-1/2

[Event "Jiraskuv memorial B"]
[Site "Rakovnik"]
[Date "2011.08.10"]
[Round "6"]
[White "Cernouskova, Alena"]
[Black "Hajsman, Ladislav"]
[Result "1/2-1/2"]
[WhiteElo "1702"]
[BlackElo "1831"]
[PlyCount "48"]
[EventDate "2011.08.??"]
[EventType "swiss"]
[EventRounds "9"]
[EventCountry "CZE"]

{C50: Italská hra} 1. e4 c5 2. d4 cxd4 3. c3 d5 4. exd5 Qxd5 5. cxd4 Nc6 6. Nc3
Qxd4 7. Be3 Qxd1+ 8. Rxd1 Bd7 9. Bb5 O-O-O 10. Nf3 f6 11. O-O e5 12. Bxc6 Bxc6
13. Rxd8+ Kxd8 14. Rd1+ Kc7 15. Nd2 Bb4 16. Nce4 Ne7 17. Nc5 Bxc5 18. Bxc5 Nd5
19. Nc4 Rd8 20. Bxa7 b5 21. Ne3 Nxe3 22. Rxd8 Kxd8 23. fxe3 Kd7 24. Kf2 f5
1/2-1/2

[Event "Jiraskuv memorial B"]
[Site "Rakovnik"]
[Date "2011.08.10"]
[Round "6"]
[White "Mitosinka, Boris"]
[Black "Gruss, Petr"]
[Result "0-1"]
[WhiteElo "1518"]
[BlackElo "1724"]
[PlyCount "126"]
[EventDate "2011.08.??"]
[EventType "swiss"]
[EventRounds "9"]
[EventCountry "CZE"]

{C50: Italská hra} 1. e4 e5 2. f4 d6 3. Bc4 Nc6 4. Nf3 Be7 5. O-O Nf6 6. fxe5
Nxe5 7. Qe2 Bg4 8. Bb3 Qc8 9. d3 O-O 10. Nc3 a6 11. Kh1 Bh5 12. Qe1 Nxf3 13.
gxf3 Nd7 14. Nd5 Bd8 15. Nf4 Bg6 16. Qg3 Nc5 17. Nxg6 hxg6 18. Bc4 b5 19. Bd5
c6 20. Bb3 Bc7 21. Bf4 Nxb3 22. cxb3 Qd7 23. b4 Rac8 24. d4 Rfd8 25. Rac1 Bb6
26. Rfd1 Qe7 27. a3 Qe6 28. Rd2 Qd7 29. Kg2 Ba7 30. h4 Bb8 31. Rdc2 Qe8 32. d5
cxd5 33. Rxc8 Rxc8 34. Rxc8 Qxc8 35. exd5 Qc2+ 36. Qf2 Qf5 37. Qb6 Qxf4 38.
Qxb8+ Kh7 39. Qb7 Qd2+ 40. Kg3 Qxb2 41. Qxf7 Qe5+ 42. Kg4 Qh5+ 43. Kg3 Qe5+ 44.
f4 Qb2 45. h5 Qxa3+ 46. Kg4 Qd3 47. Kh4 Qe4 48. hxg6+ Qxg6 49. Qe6 Qxe6 50.
dxe6 Kg6 51. Kg4 Kf6 52. f5 g6 53. fxg6 Kxg6 54. e7 Kf7 55. e8=Q+ Kxe8 56. Kf5
Kf7 57. Ke4 Ke6 58. Kd4 Ke7 59. Ke4 Kd8 60. Kd4 Kd7 61. Kd5 Kc7 62. Ke4 Kc6 63.
Kd4 Kb6 0-1

[Event "Jiraskuv memorial B"]
[Site "Rakovnik"]
[Date "2011.08.10"]
[Round "6"]
[White "Libosvar, Jan"]
[Black "Bauer, Ondrej"]
[Result "0-1"]
[WhiteElo "1554"]
[BlackElo "1457"]
[PlyCount "50"]
[EventDate "2011.08.??"]
[EventType "swiss"]
[EventRounds "9"]
[EventCountry "CZE"]
[TimeControl "180"]

{24MB, Fritz8.ctg, sach1} 1. e4 {[%emt 0:00:00]} e6 2. d4 d5 3. e5 c5 4. c3 Nc6
5. Nf3 Qb6 6. a3 cxd4 7. cxd4 Nh6 8. Be2 Nf5 9. b4 Nfxd4 10. Nxd4 Nxe5 11. Be3
Bd7 12. O-O Rc8 13. Nb5 Qd8 14. Nxa7 Ra8 15. Nc3 Bd6 16. Nab5 Bb8 17. Bc5 b6
18. Bd4 Ng6 19. f3 h5 20. Bf2 h4 21. h3 Nf4 22. Kh1 Qg5 23. Rg1 Qe5 24. Qd4
Nxh3 25. Qxe5 Nxf2+ 0-1

[Event "Jiraskuv memorial B"]
[Site "Rakovnik"]
[Date "2011.08.10"]
[Round "6"]
[White "Pucholt, Martin"]
[Black "Ruzicka, Vaclav"]
[Result "0-1"]
[WhiteElo "1428"]
[BlackElo "1703"]
[PlyCount "84"]
[EventDate "2011.08.??"]
[EventType "swiss"]
[EventRounds "9"]
[EventCountry "CZE"]
[TimeControl "180"]

{24MB, Fritz8.ctg, sach1} 1. e4 {[%emt 0:00:00]} e5 2. Nf3 Nf6 3. Nxe5 d6 4.
Nf3 Nxe4 5. d3 Nf6 6. Nc3 Be7 7. d4 d5 8. h3 O-O 9. Bd3 Nc6 10. a3 Re8 11. O-O
h6 12. Be3 Bf8 13. Qc1 Ne4 14. Bb5 a6 15. Ba4 b5 16. Bb3 Nxc3 17. bxc3 Na5 18.
a4 Bf5 19. axb5 Nxb3 20. cxb3 axb5 21. b4 Qf6 22. Qd2 Bxh3 23. Ne5 Bf5 24. Ra2
Bd6 25. Bf4 g5 26. Bh2 Qg7 27. Nf3 Bxh2+ 28. Kxh2 Qg6 29. Rfa1 Rxa2 30. Rxa2
Be4 31. Qe3 Qh5+ 32. Kg1 f6 33. Ra7 Bxf3 34. Qxe8+ Qxe8 35. gxf3 Qe1+ 36. Kg2
Qxc3 37. Ra8+ Kg7 38. Rd8 c6 39. Rd6 Qxd4 40. Rxc6 Qxb4 41. Rc7+ Kg6 42. Kg3
Qd6+ 0-1

[Event "Jiraskuv memorial B"]
[Site "Rakovnik"]
[Date "2011.08.10"]
[Round "6"]
[White "Pokorny, Tomas"]
[Black "Veselsky, Jan"]
[Result "1-0"]
[WhiteElo "1703"]
[BlackElo "1650"]
[PlyCount "111"]
[EventDate "2011.08.??"]
[EventType "swiss"]
[EventRounds "9"]
[EventCountry "CZE"]
[TimeControl "180"]

{24MB, Fritz8.ctg, sach1} 1. d4 Nf6 2. Nf3 g6 3. e3 d5 4. c4 Bg7 5. Bd3 Bg4 6.
h3 Bd7 7. Nc3 c6 8. Qb3 Qb6 9. Qxb6 axb6 10. cxd5 cxd5 11. Ne5 Nc6 12. Nxd7
Nxd7 13. Nxd5 O-O 14. Bd2 e5 15. dxe5 Rad8 16. Bb5 Ncxe5 17. Bc3 Nc5 18. Rd1
Ned3+ 19. Bxd3 Rxd5 20. Bc2 Rxd1+ 21. Kxd1 Bxc3 22. bxc3 Ra8 23. Bb1 Na4 24.
Kc2 Rc8 25. Kb3 Nc5+ 26. Kb2 Na4+ 27. Kb3 Nc5+ 28. Kb4 Rd8 29. Rc1 Rd2 30. Rc2
Rd1 31. Rb2 Rg1 32. g3 h5 33. h4 Ne6 34. Kc4 g5 35. hxg5 Nxg5 36. Bf5 h4 37.
gxh4 Nf3 38. Kb5 Nxh4 39. Be4 Rc1 40. Rc2 Rb1+ 41. Ka4 b5+ 42. Ka3 b6 43. Rb2
Rc1 44. Kb4 Rg1 45. Kxb5 Rg4 46. Bd3 Nf3 47. Be2 Rg5+ 48. Kxb6 Ne5 49. a4 Nd7+
50. Kc6 Nf6 51. Bb5 Ne4 52. c4 Rg6+ 53. Kc7 Rf6 54. a5 Nc5 55. Ra2 Ne6+ 56. Kc8
1-0

[Event "Jiraskuv memorial B"]
[Site "Rakovnik"]
[Date "2011.08.10"]
[Round "6"]
[White "Arvanitakis, Panagiotis"]
[Black "Rerabek, Jaroslav"]
[Result "1-0"]
[WhiteElo "1497"]
[BlackElo "1626"]
[PlyCount "20"]
[EventDate "2011.08.??"]
[EventType "swiss"]
[EventRounds "9"]
[EventCountry "CZE"]
[TimeControl "240+2"]

{1056MB, Fritz8.ctg} 1. c3 {[%emt 0:00:00]} Nf6 2. a3 g6 3. b4 Bg7 4. d4 O-O 5.
g3 d6 6. Bg2 a5 7. Bb2 axb4 8. axb4 Rxa1 9. Bxa1 Qd7 10. e3 Qa4 1-0

[Event "Jiraskuv memorial B"]
[Site "Rakovnik"]
[Date "2011.08.10"]
[Round "6"]
[White "Pribyl, Viktor"]
[Black "Pribylova, Sofie"]
[Result "0-1"]
[WhiteElo "1250"]
[BlackElo "1250"]
[PlyCount "22"]
[EventDate "2011.08.??"]
[EventType "swiss"]
[EventRounds "9"]
[EventCountry "CZE"]
[TimeControl "240+2"]

{1056MB, Fritz8.ctg} 1. d4 d5 2. c4 dxc4 3. Nc3 Nf6 4. e4 Nc6 5. Nf3 Bg4 6. d5
Bxf3 7. Qxf3 Nd4 8. Qd1 e5 9. Bxc4 Bb4 10. Qa4+ Qd7 11. Qxb4 Nc2+ 0-1

[Event "Jiraskuv memorial B"]
[Site "Rakovnik"]
[Date "2011.08.10"]
[Round "6"]
[White "Rerabkova, Eliska"]
[Black "Sebek, Pavel"]
[Result "1/2-1/2"]
[WhiteElo "1250"]
[BlackElo "1679"]
[PlyCount "79"]
[EventDate "2011.08.??"]
[EventType "swiss"]
[EventRounds "9"]
[EventCountry "CZE"]
[TimeControl "40/7200:20/3600:1800"]

{Bily se nedostavil.} 1. e4 {[%emt 0:00:00]} c5 2. Nf3 Nc6 3. d4 cxd4 4. Nxd4
Nf6 5. Nc3 a6 6. Be3 e6 7. Be2 Be7 8. O-O b5 9. Nxc6 dxc6 10. Qxd8+ Bxd8 11.
Bc5 Nd7 12. Bd6 Be7 13. Bxe7 Kxe7 14. Rad1 Bb7 15. Rd2 Rad8 16. Rfd1 Nf6 17.
Rxd8 Rxd8 18. Rxd8 Kxd8 19. e5 Nd5 20. Nxd5 cxd5 21. f4 Ke7 22. Kf2 f6 23. Ke3
g6 24. Kd4 h6 25. Kc5 fxe5 26. fxe5 Kd7 27. Kb6 Bc8 28. b3 Kd8 29. a4 bxa4 30.
bxa4 Kd7 31. Bxa6 Bxa6 32. Kxa6 Kc6 33. a5 g5 34. Ka7 h5 35. a6 Kc7 36. g3 d4
37. h4 g4 38. Ka8 Kc8 39. Ka7 Kc7 40. Ka8 1/2-1/2

[Event "Jiraskuv memorial B"]
[Site "Rakovnik"]
[Date "2011.08.10"]
[Round "6"]
[White "Koblic, Miroslav"]
[Black "Mleziva, Miloslav"]
[Result "0-1"]
[WhiteElo "1698"]
[BlackElo "1695"]
[PlyCount "102"]
[EventDate "2011.08.??"]
[EventType "swiss"]
[EventRounds "9"]
[EventCountry "CZE"]
[TimeControl "40/7200:20/3600:1800"]

{Bily se nedostavil.} 1. f4 d5 2. d4 c5 3. e3 Nf6 4. c3 cxd4 5. exd4 Bg4 6. Nf3
Nc6 7. Bd3 e6 8. O-O Bd6 9. Qe1 Bxf3 10. Rxf3 Qc7 11. Nd2 Bxf4 12. Qh4 Bxd2 13.
Bxd2 O-O-O 14. b4 Ne7 15. a4 Ng6 16. Qe1 Ng4 17. Rg3 h5 18. h3 Nf6 19. Bxg6
fxg6 20. Qxe6+ Kb8 21. Rxg6 Ne4 22. Be3 Qxc3 23. Bf4+ Ka8 24. Rc1 Qxd4+ 25. Kh2
Qf2 26. Qe5 Rhf8 27. Bg3 Nxg3 28. Qxg3 Qf4 29. Qxf4 Rxf4 30. Rxg7 Rxb4 31. Rcc7
a6 32. a5 d4 33. Rgd7 Rxd7 34. Rxd7 Rb5 35. Rxd4 Rxa5 36. Rd2 Rg5 37. Kg1 a5
38. Kf2 Ka7 39. Ke3 Ka6 40. Kf4 Rc5 41. Rb2 b5 42. Ke4 h4 43. Kd4 Rc4+ 44. Kd3
a4 45. Ra2 Ka5 46. Rf2 a3 47. Ra2 Ka4 48. Rf2 Kb3 49. Rf8 a2 50. Ra8 Ra4 51.
Rb8 b4 0-1

[Event "Jiraskuv memorial B"]
[Site "Rakovnik"]
[Date "2011.08.10"]
[Round "6"]
[White "Folbr, Martin"]
[Black "Hajsman, Martin"]
[Result "0-1"]
[WhiteElo "1353"]
[BlackElo "1699"]
[PlyCount "144"]
[EventDate "2011.08.??"]
[EventType "swiss"]
[EventRounds "9"]
[EventCountry "CZE"]
[TimeControl "40/7200:20/3600:1800"]

{Bily se nedostavil.} 1. e4 e6 2. Nf3 d5 3. e5 b6 4. d4 Ba6 5. Bd3 Bxd3 6. Qxd3
c5 7. O-O Nc6 8. Be3 cxd4 9. Nxd4 Nxe5 10. Qb5+ Qd7 11. Bf4 Bd6 12. Qxd7+ Kxd7
13. Nc3 Nf3+ 14. Nxf3 Bxf4 15. g3 Bd6 16. Nb5 a6 17. Nxd6 Kxd6 18. Rfe1 Nh6 19.
b3 Rhd8 20. Ng5 Ra7 21. Rad1 Ke7 22. Nf3 Rc7 23. Rd2 Kf8 24. Ng5 Kg8 25. c4
Rcd7 26. Red1 Ng4 27. Nf3 Nf6 28. Ne5 Rd6 29. f3 Ne8 30. a4 f6 31. Ng4 dxc4 32.
Rxd6 Rxd6 33. Rb1 cxb3 34. Rxb3 Nc7 35. Ne3 Nd5 36. Nc4 Rc6 37. Nb2 Rc3 38.
Rxc3 Nxc3 39. Kf2 Kf7 40. Ke3 Ke7 41. Kd4 Nd5 42. f4 Kd6 43. Nd3 Ne7 44. Kc4
Nc6 45. Kc3 e5 46. fxe5+ fxe5 47. Nf2 Kd5 48. Ng4 Ke4 49. Nf2+ Kf3 50. Nd3 e4
51. Nf4 e3 52. Kc4 e2 53. Nd3 Kg2 54. Nf4+ Kf1 55. Nd3 Ne5+ 56. Nxe5 e1=Q 57.
Nc6 Qe4+ 58. Nd4 b5+ 59. axb5 axb5+ 60. Kc3 b4+ 61. Kc4 b3 62. Kc3 b2 63. Nb3
b1=Q 64. Nd2+ Ke2 65. Nxb1 Qxb1 66. Kd4 Qd3+ 67. Ke5 Ke3 68. Ke6 Ke4 69. Kf7
Qd7+ 70. Kg8 g6 71. h4 Ke5 72. h5 Kf6 0-1

[Event "Jiraskuv memorial B"]
[Site "Rakovnik"]
[Date "2011.08.10"]
[Round "6"]
[White "Zacek, Petr"]
[Black "Sulitka, Oldrich"]
[Result "1-0"]
[WhiteElo "1608"]
[BlackElo "1585"]
[PlyCount "91"]
[EventDate "2011.08.??"]
[EventType "swiss"]
[EventRounds "9"]
[EventCountry "CZE"]
[TimeControl "40/7200:20/3600:1800"]

{Bily se nedostavil.} 1. e4 e5 2. Nf3 Nc6 3. d4 exd4 4. Nxd4 Bc5 5. Be3 Qf6 6.
c3 Nge7 7. Bc4 d6 8. O-O Ne5 9. Be2 O-O 10. Nb5 c6 11. Bxc5 dxc5 12. f4 cxb5
13. fxe5 Qxe5 14. Qc2 c4 15. Nd2 Be6 16. Nf3 Qc5+ 17. Kh1 f5 18. Nd4 Bd7 19. b4
Qe5 20. Bf3 Rf7 21. Rfe1 f4 22. Rad1 Raf8 23. Ne2 Bc6 24. Nd4 Bd7 25. Ne2 Bc8
26. Rd4 Ng6 27. Rd5 Qf6 28. Red1 Nh4 29. Rd6 Qe7 30. Ng1 Rf6 31. Qd2 Ng6 32.
Rd8 Ne5 33. Rxf8+ Rxf8 34. Qd5+ Kh8 35. Qxb5 Nd3 36. Rd2 Qe6 37. Qd5 Qa6 38. e5
b5 39. Re2 Be6 40. Qd6 Qc8 41. h4 Qe8 42. Bc6 Qf7 43. Nf3 h6 44. Bxb5 Kg8 45.
Bc6 Bg4 46. Bd5 1-0

[Event "Jiraskuv memorial B"]
[Site "Rakovnik"]
[Date "2011.08.11"]
[Round "7"]
[White "Rerabek, Jaroslav"]
[Black "Vankova, Veronika"]
[Result "1-0"]
[WhiteElo "1626"]
[BlackElo "1279"]
[PlyCount "85"]
[EventDate "2011.08.??"]
[EventType "swiss"]
[EventRounds "9"]
[EventCountry "CZE"]
[TimeControl "40/7200:20/3600:1800"]

{Bily se nedostavil.} 1. e4 e5 2. Nf3 Nc6 3. Bc4 Be7 4. Nc3 Nf6 5. d3 O-O 6.
O-O d6 7. h3 Nd4 8. Be3 Be6 9. Bxe6 Nxe6 10. Qe2 c6 11. Rad1 d5 12. exd5 cxd5
13. Bg5 d4 14. Nb1 Nxg5 15. Nxg5 Nd5 16. Nf3 f6 17. Nbd2 Qe8 18. Ne4 Qg6 19.
Ng3 Rae8 20. Qe4 Qxe4 21. Nxe4 Nf4 22. Rfe1 f5 23. Ng3 Bb4 24. Rxe5 Rxe5 25.
Nxe5 g6 26. Nf3 Rd8 27. Kf1 Kf7 28. Ne2 Nxe2 29. Kxe2 Kf6 30. h4 h6 31. a3 Ba5
32. Nd2 g5 33. hxg5+ hxg5 34. Nb3 Bb6 35. Rh1 Rc8 36. Kd2 Ke5 37. Rh7 Rb8 38.
a4 Bd8 39. Rd7 Bf6 40. Nxd4 Kf4 41. c3 g4 42. Rd5 a6 43. Rxf5# 1-0

[Event "Jiraskuv memorial B"]
[Site "Rakovnik"]
[Date "2011.08.11"]
[Round "7"]
[White "Folbr, Martin"]
[Black "Zacek, Petr"]
[Result "1/2-1/2"]
[WhiteElo "1353"]
[BlackElo "1608"]
[PlyCount "57"]
[EventDate "2011.08.??"]
[EventType "swiss"]
[EventRounds "9"]
[EventCountry "CZE"]
[TimeControl "40/7200:20/3600:1800"]

{Bily se nedostavil.} 1. c4 Nf6 2. Nc3 g6 3. e3 Bg7 4. Nf3 O-O 5. d4 d6 6. g3
c6 7. Bg2 Na6 8. a3 Nc7 9. O-O d5 10. Ne5 dxc4 11. Nxc4 Ne6 12. d5 cxd5 13.
Nxd5 Nxd5 14. Bxd5 Qc7 15. Qd2 Ng5 16. e4 Nf3+ 17. Kg2 Nd4 18. Qd1 e6 19. Bf4
e5 20. Nxe5 Bxe5 21. Rc1 Qd6 22. Bxe5 Qxe5 23. f4 Qg7 24. e5 Nf5 25. Qd3 Ne7
26. Bf3 Nc6 27. g4 Be6 28. Kh1 Rad8 29. Qe3 1/2-1/2

[Event "Jiraskuv memorial B"]
[Site "Rakovnik"]
[Date "2011.08.11"]
[Round "7"]
[White "Gruss, Petr"]
[Black "Cerny, Michal"]
[Result "1/2-1/2"]
[WhiteElo "1724"]
[BlackElo "1790"]
[PlyCount "23"]
[EventDate "2011.08.??"]
[EventType "swiss"]
[EventRounds "9"]
[EventCountry "CZE"]
[TimeControl "40/7200:20/3600:1800"]

{Bily se nedostavil.} 1. d4 Nf6 2. c4 g6 3. Nc3 d5 4. Nf3 Bg7 5. e3 O-O 6. Be2
Nc6 7. Bd2 Bf5 8. cxd5 Nxd5 9. a3 e5 10. dxe5 Nxe5 11. O-O Re8 12. Nd4 1/2-1/2